Statistics for Toronto General Knowledge

Click here to take the quiz!

General Stats

  • This quiz has been taken 160 times
  • The average score is 14 of 21

Answer Stats

HintAnswer% Correct
Which Tower stands 553 metres?CN Tower
97%
Which of the Great Lakes is Toronto situated on?Lake Ontario
93%
Blue Jays
89%
Raptors
89%
Maple Leafs
88%
What famous rapper has become the unofficial symbol of Toronto?Drake
87%
What is the name of Toronto's main airportLester B Pearson International
81%
3 Major UniversitiesUniversity of Toronto
79%
Which street in Toronto is called "The Longest Street in the World"?Yonge Street
75%
Which controversial mayor died in 2016?Rob Ford
74%
York University
69%
Name the CFL, MLB, NHL, NBA, and MLS teams in TorontoArgonauts
62%
What famous sports museum is located in Toronto?Hockey Hall of Fame
61%
Ryerson University
57%
Which Dumb and Dumber star is from TorontoJim Carrey
53%
Toronto FC
53%
What is the nickname he coined for the city?the 6
51%
What company, founded in 1670, has its HQ in Brampton, a suburb of Toronto?Hudson's Bay Company
47%
Which rock band, with members Lee, Pert, and Lifeson, come from TorontoRush
35%
Which now defunct department store was founded in Toronto?Eaton's
28%
What annual event attracts almost 500 000 people each year?Toronto International Film Festival
11%

Score Distribution

Percentile by Number Answered

Percent of People with Each Score

Your Score History

You have not taken this quiz